| 000 -Etiqueta do registo | |
|---|---|
| campo de controlo de comprimento fixo | 006750000a22002170004500 |
| 001 - Identificador do registo | |
| Campo de controlo | 20832 |
| 010 ## - ISBN | |
| Número (ISBN) | 972-33-1778-8 |
| 100 ## - Dados Gerais de Proc. | |
| Dados gerais de processamento | 20060512d2004 a y0pory5003 ba |
| 101 0# - Língua da publicação | |
| Língua do texto, banda sonora, etc. | Português |
| 102 ## - País de Publicação | |
| País de publicação | Portugal |
| 200 1# - Título | |
| Título próprio | As minhas piadas favoritas |
| Primeira menção de responsabilidade | ed. Eva Melgar |
| Outras menções de responsabilidade | il. José Luis Tellería |
| -- | trad. Maria Correia |
| 210 ## - Publicação, Distribuição | |
| Lugar da edição, distribuição, etc. | Lisboa |
| Nome do editor, distribuidor, etc. | Estampa |
| Data da publicação, distribuição, etc. | 2004 |
| 215 ## - Descrição física | |
| Descrição física | 128 p. |
| 675 ## - CDU | |
| Notação | 087.5 |
| Edição | BN |
| Língua da edição | Português |
| 675 ## - CDU | |
| Notação | 398.2 |
| Edição | BN |
| Língua da edição | Português |
| 702 #1 - Responsabilidade secundária | |
| Koha Internal Code | 31213 |
| Código de função | Coordenador/Editor |
| Palavra de ordem | Melgar |
| Outra parte do nome | Eva |
| 702 ## - Responsabilidade secundária | |
| Koha Internal Code | 45108 |
| Código de função | Ilustrador |
| Palavra de ordem | Tellería |
| Outra parte do nome | José Luis |
| 702 ## - Responsabilidade secundária | |
| Koha Internal Code | 15224 |
| Código de função | Tradutor |
| Palavra de ordem | Correia |
| Outra parte do nome | Maria |
| 090 ## - Números de controlo do sistema (Koha) | |
| Número biblioitem do Koha (gerado automaticamente) | 20832 |
| 942 ## - Elementos de entrada adicionados (Koha) | |
| Tipo de item no Koha | Monografias |
| Suprimido | Disponível no OPAC |
| 999 ## - Campo local | |
| Campo local | 20832 |
| Removido (estado) | Perdido (estado) | Data de aquisição | Origem do registo (biblioteca) (codificado) | Código da organização que empresta ou é detentora (biblioteca) | Código de barras | Local | Número de inventário | Cota | Data de empréstimo ou depósito | Tipo de circulação (não pode ser emprestado) | Tipo de item e material |
|---|---|---|---|---|---|---|---|---|---|---|---|
| Disponível | Disponível | 2006-05-12 | Biblioteca Municipal Álvaro de Campos | Biblioteca Municipal Álvaro de Campos | BMTAV37291 | Sala Infantil | 37291 | LJ1 MIN | 2024-08-06 | Normal | Monografias |